000 00823nam a2200289Ia 4500
001 Para_7318
003 CHAP
008 220125s1918 xx 000 0 und d
010 _a206206
040 _cCHAP
090 _aPA R-75
100 _aWood, W.B.
_9172438
245 _aFurther notes on laspeyresia molesta /
_c W.B. Wood and E.R. Selkregg
260 _aWashington :
_b Government Printing Office
300 _a27 p.
500 _aSobretiro de: Journal of Agricultural Research, 13 (1): 59-72, 1918
650 _aFruta
_x plagas
_943646
650 _aLaspeyresia molesta
_965030
700 _aSelkregg, E.R.
_9172439
901 _aPA R-75
902 _aA
905 _a0000001918 a 0000000000 00
910 _a1918
942 _cPARA
942 _cPARA
_d1
999 _c206206
_d206206